[Event "Unna op"]
[Site "Unna"]
[Date "2012.12.27"]
[Round "2"]
[White "Kraemer, Sascha"]
[Black "Wiehagen, Juergen"]
[Result "0-1"]
[WhiteElo "1759"]
[BlackElo "2106"]
[PlyCount "90"]
[EventDate "2012.12.27"]
[EventType "swiss"]
[EventRounds "7"]
[EventCountry "GER"]
[SourceTitle "CBM 152 Extra"]
[Source "ChessBase"]
[SourceDate "2013.02.25"]
[SourceVersion "1"]
[SourceVersionDate "2013.02.25"]
[SourceQuality "1"]

1. e4 Nf6 2. e5 Nd5 3. d4 d6 4. c4 Nb6 5. f4 dxe5 6. fxe5 Nc6 7. Be3 Bf5 8. Nc3 e6 9. Nf3 Qd7 10. Bd3 Bxd3 11. Qxd3 Be7 12. 0-0 Rd8 13. Ne2 Nb4 14. Qb3 a5 15. a3 Nc6 16. Rad1 a4 17. Qc3 0-0 18. Nf4 Ra8 19. d5 exd5 20. cxd5 Na5 21. d6 Bd8 22. Bxb6 cxb6 23. Rc1 Nb3 24. Rc2 Qf5 25. Nd3 Qd7 26. Nd4 Nxd4 27. Qxd4 Qe6 28. Nf4 Qd7 29. Nd5 b5 30. Rf3 Ra6 31. Qf4 Rc6 32. Re2 Rc4 33. Qg3 Qc6 34. Nf6+ Kh8 35. Nh5 g6 36. e6 Bb6+ 37. Kh1 Rc1+ 38. Re1 Qc5 39. Rff1 Rxe1 40. Qxe1 Qxd6 41. e7 Re8 42. Rxf7 gxh5 43. Rf8+ Rxf8 44. Qe5+ Kg8 45. e8Q Qxe5 0-1

[Event "Unna op"]
[Site "Unna"]
[Date "2003.12.29"]
[Round "5"]
[White "Wiehagen, Juergen"]
[Black "Kilian, Ralf"]
[Result "1-0"]
[WhiteElo "2013"]
[BlackElo "2250"]
[PlyCount "93"]
[EventDate "2003.12.27"]
[EventType "swiss"]
[EventRounds "7"]
[EventCountry "GER"]
[SourceTitle "CBM 097 Extra"]
[Source "ChessBase"]
[SourceDate "2004.01.13"]
[SourceVersion "1"]
[SourceVersionDate "2004.01.13"]
[SourceQuality "1"]

1. d4 Nf6 2. c4 e6 3. g3 d5 4. Bg2 dxc4 5. Qa4+ Nbd7 6. Nf3 Be7 7. 0-0 0-0 8. Qxc4 c5 9. Nc3 cxd4 10. Qxd4 Qa5 11. Qa4 Qxa4 12. Nxa4 Nd5 13. e4 N5b6 14. Nxb6 axb6 15. Be3 Bf6 16. Bd4 Ra4 17. e5 Be7 18. Rfc1 Bc5 19. Bc3 Bb4 20. a3 Bxc3 21. Rxc3 b5 22. Rac1 Nb6 23. Nd2 b4 24. Rb3 Nd7 25. f4 bxa3 26. bxa3 b6 27. Rc7 Rd4 28. Ne4 Ba6 29. Nd6 Rd1+ 30. Kf2 Nc5 31. Rxb6 Nd3+ 32. Ke3 Ne1 33. Rxa6 Nxg2+ 34. Kf3 Ne1+ 35. Kg4 h5+ 36. Kxh5 Rd2 37. Kg4 Rxh2 38. Raa7 f5+ 39. exf6 gxf6 40. Rg7+ Kh8 41. f5 exf5+ 42. Nxf5 Nd3 43. Nh4 Ne5+ 44. Kh5 Rd8 45. Rh7+ Kg8 46. Rag7+ Kf8 47. Kh6 1-0

[Event "Oberliga NRW 0102 I"]
[Site "Germany"]
[Date "2002.02.17"]
[Round "6.7"]
[White "Selten, Jan"]
[Black "Wiehagen, Juergen"]
[Result "1/2-1/2"]
[WhiteElo "1945"]
[BlackElo "2100"]
[PlyCount "33"]
[EventDate "2001.10.??"]
[EventType "team"]
[EventRounds "9"]
[EventCountry "GER"]
[SourceTitle "EXT 2004"]
[Source "ChessBase"]
[SourceDate "2003.11.25"]
[SourceVersion "1"]
[SourceVersionDate "2003.11.25"]
[SourceQuality "1"]
[WhiteTeam "Krefeld"]
[BlackTeam "Letmathe"]
[WhiteTeamCountry "GER"]
[BlackTeamCountry "GER"]

1. e4 e5 2. Bc4 Nf6 3. Nf3 Nc6 4. Ng5 d5 5. exd5 Na5 6. d3 Bg4 7. f3 Bd7 8. Nc3 Bb4 9. Bd2 Nxc4 10. dxc4 Bxc3 11. Bxc3 h6 12. Ne4 Nxe4 13. fxe4 Qh4+ 14. Kf1 Qxe4 15. Qe2 Qf5+ 16. Qf2 f6 17. Re1 1/2-1/2

[Event "Dortmund Sparkassen op-B"]
[Site "Dortmund"]
[Date "2000.07.14"]
[Round "7"]
[White "Kucki, Hermann"]
[Black "Wiehagen, Juergen"]
[Result "1/2-1/2"]
[WhiteElo "2071"]
[BlackElo "2100"]
[PlyCount "39"]
[EventDate "2000.07.07"]
[EventType "swiss"]
[EventRounds "9"]
[EventCountry "GER"]
[SourceTitle "EXT 2001"]
[Source "ChessBase"]
[SourceDate "2000.11.22"]
[SourceVersion "1"]
[SourceVersionDate "2000.11.22"]
[SourceQuality "1"]

1. d4 d5 2. c4 c6 3. Nc3 Nf6 4. cxd5 cxd5 5. Bf4 Nc6 6. e3 Bf5 7. Bb5 Rc8 8. Nge2 e6 9. 0-0 Bd6 10. Rc1 0-0 11. Bxc6 Bxf4 12. Nxf4 Rxc6 13. Nd3 Bxd3 14. Qxd3 Qa5 15. Qb5 Qc7 16. Ne2 Rc8 17. Rxc6 Qxc6 18. Qxc6 Rxc6 19. Rc1 Rxc1+ 20. Nxc1 1/2-1/2

[Event "Oberliga NRW 9900 II"]
[Site "Germany"]
[Date "1999.12.20"]
[Round "3.4"]
[White "Kern, Guido"]
[Black "Wiehagen, Juergen"]
[Result "1-0"]
[WhiteElo "2395"]
[BlackElo "2100"]
[PlyCount "99"]
[EventDate "1999.10.26"]
[EventType "team"]
[EventRounds "9"]
[EventCountry "GER"]
[SourceTitle "EXT 2001"]
[Source "ChessBase"]
[SourceDate "2000.11.22"]
[SourceVersion "1"]
[SourceVersionDate "2000.11.22"]
[SourceQuality "1"]
[WhiteTeam "Muelheim Nord"]
[BlackTeam "Letmathe"]
[WhiteTeamCountry "GER"]
[BlackTeamCountry "GER"]

1. c4 Nf6 2. Nc3 c5 3. Nf3 Nc6 4. g3 d5 5. d4 cxd4 6. Nxd4 e5 7. Nxc6 bxc6 8. cxd5 cxd5 9. Bg2 Be6 10. Qa4+ Qd7 11. Qxd7+ Kxd7 12. 0-0 Bb4 13. Rd1 Bxc3 14. bxc3 Rac8 15. e4 Rxc3 16. Bb2 Rc5 17. Bxe5 Bg4 18. f3 Be6 19. Bd4 Rc2 20. e5 Nh5 21. Bf1 Rb8 22. Bd3 Rc7 23. Rab1 Rbb7 24. Kf2 g6 25. Rxb7 Rxb7 26. Rb1 Kc6 27. Rc1+ Kd7 28. Rc5 Rb4 29. Ke3 Ng7 30. g4 Ne8 31. Rb5 Ra4 32. Rb7+ Kc6 33. Rxa7 Rxa7 34. Bxa7 d4+ 35. Kxd4 Bxa2 36. Be4+ Kd7 37. Bd5 Bxd5 38. Kxd5 Nc7+ 39. Ke4 Ne6 40. f4 Ke7 41. Bd4 Kf8 42. h4 Nc7 43. f5 Na6 44. Bb6 Kg7 45. Kd5 h5 46. f6+ Kf8 47. gxh5 gxh5 48. Bc5+ Ke8 49. Bd6 Kd7 50. e6+ 1-0

[Event "Oberliga NRW 9899 II"]
[Site "Germany"]
[Date "1999.05.06"]
[Round "9.6"]
[White "Wiehagen, Juergen"]
[Black "Essing, Arnold"]
[Result "0-1"]
[WhiteElo "2100"]
[BlackElo "2290"]
[PlyCount "82"]
[EventDate "1998.10.10"]
[EventType "team"]
[EventRounds "9"]
[EventCountry "GER"]
[SourceTitle "EXT 2000"]
[Source "ChessBase"]
[SourceDate "1999.11.16"]
[SourceVersion "1"]
[SourceVersionDate "1999.11.16"]
[SourceQuality "1"]
[WhiteTeam "Letmathe"]
[BlackTeam "Neuenkirchen"]
[WhiteTeamCountry "GER"]
[BlackTeamCountry "GER"]

1. e4 Nf6 2. e5 Nd5 3. d4 d6 4. c4 Nb6 5. f4 dxe5 6. fxe5 c5 7. d5 e6 8. Nc3 exd5 9. cxd5 Qh4+ 10. g3 Qd4 11. Bf4 g5 12. Bxg5 Qxe5+ 13. Qe2 Qxe2+ 14. Ngxe2 Bg7 15. 0-0-0 Bg4 16. Re1 0-0 17. Bg2 Na6 18. h3 Bd7 19. a3 c4 20. Be3 Rac8 21. Nf4 Nc5 22. Kb1 Nba4 23. Nxa4 Nxa4 24. Bc1 c3 25. b3 c2+ 26. Ka2 Nc3+ 27. Kb2 Nxd5+ 28. Ka2 Nc3+ 29. Kb2 Nd1+ 30. Ka2 b5 31. Bf3 Nc3+ 32. Kb2 a5 33. Nh5 Bd4 34. g4 Nd1+ 35. Ka2 a4 36. Bxd1 axb3+ 37. Kxb3 cxd1Q+ 38. Rxd1 Be6+ 39. Kb4 Rc4+ 40. Ka5 Ra8+ 41. Kxb5 Rb8+ 0-1

[Event "Sportland NRW-Cup"]
[Site "Senden"]
[Date "1998.10.15"]
[Round "8"]
[White "Wiehagen, Juergen"]
[Black "Heick, Andreas"]
[Result "1-0"]
[WhiteElo "2100"]
[BlackElo "1890"]
[PlyCount "99"]
[EventDate "1998.10.08"]
[EventType "swiss"]
[EventRounds "9"]
[EventCountry "GER"]
[SourceTitle "CBM 067 Extra"]
[Source "ChessBase"]
[SourceDate "1999.01.01"]
[SourceVersion "1"]
[SourceVersionDate "1999.01.01"]
[SourceQuality "1"]

1. e4 e6 2. d4 d5 3. Nc3 Bb4 4. e5 c5 5. a3 cxd4 6. axb4 dxc3 7. Qg4 Ne7 8. Qxg7 Rg8 9. Qxh7 Qc7 10. f4 Nbc6 11. bxc3 Nxe5 12. Bd2 N5g6 13. Bb5+ Bd7 14. Bxd7+ Kxd7 15. Ne2 Qc4 16. Qh3 a6 17. Qd3 Nh4 18. g3 Qxd3 19. cxd3 Nf3+ 20. Kd1 Rh8 21. h3 Nxd2 22. Kxd2 Rh7 23. Nd4 Rah8 24. h4 Rg8 25. Rh3 Rhg7 26. Rg1 Rg4 27. Nf3 f6 28. h5 Ke8 29. Ke2 Kf7 30. Kf2 Rc8 31. Ng5+ fxg5 32. Kf3 Rxf4+ 33. gxf4 Rxc3 34. fxg5 Rxd3+ 35. Kg2 Rxh3 36. Kxh3 e5 37. Kg4 d4 38. Kf3 Nc6 39. Rb1 Ke6 40. Ke4 Ne7 41. Rf1 Nc8 42. g6 Nd6+ 43. Kd3 Kd5 44. g7 e4+ 45. Kc2 d3+ 46. Kc3 Nb5+ 47. Kb2 d2 48. g8Q+ Kd4 49. h6 Kd3 50. h7 1-0

[Event "Dortmund op"]
[Site "Dortmund"]
[Date "1995.??.??"]
[Round "6"]
[White "Skripchenko, Almira"]
[Black "Wiehagen, Juergen"]
[Result "1-0"]
[WhiteElo "2400"]
[BlackElo "2020"]
[PlyCount "57"]
[EventDate "1995.07.??"]
[EventType "swiss"]
[EventRounds "9"]
[EventCountry "GER"]
[SourceTitle "CBM 048 Extra"]
[Source "ChessBase"]
[SourceDate "1995.11.01"]
[SourceVersion "1"]
[SourceVersionDate "1995.11.01"]
[SourceQuality "1"]

1. e4 e5 2. Nf3 Nc6 3. Bb5 a6 4. Ba4 Nf6 5. Qe2 b5 6. Bb3 d6 7. a4 Rb8 8. axb5 axb5 9. c3 Bg4 10. d3 Be7 11. Nbd2 0-0 12. h3 Bd7 13. d4 Ra8 14. Rxa8 Qxa8 15. 0-0 Qb8 16. Rd1 h6 17. Nf1 Re8 18. dxe5 dxe5 19. Ne3 Bd6 20. Nh4 Na5 21. Bc2 Be6 22. Nhf5 Bf8 23. Qf3 Nh7 24. Qg3 g6 25. Ng4 h5 26. Nxe5 Bxf5 27. exf5 h4 28. fxg6 hxg3 29. gxh7+ 1-0